| 000 | 00623nam a22002172 4500 | ||
|---|---|---|---|
| 001 | 0000005872 | ||
| 005 | 20151217152007.0 | ||
| 008 | 070725s xx 000 0 eng d | ||
| 020 |
_a0830728619 : _cKES 1,090 |
||
| 040 |
_aKABU _cKABU |
||
| 050 | 0 |
_aBV3793 _b.S552 |
|
| 100 | 1 |
_aSilvoso, Ed. _@0000149649 |
|
| 245 | 1 | 0 | _aAnnointed for business. |
| 260 |
_aCalifornia : _bRegal, _c2002. |
||
| 300 | _a195 p. | ||
| 650 | 0 |
_aEvangelistic work. _@0000149150 |
|
| 650 | 0 |
_aBusiness _xReligious aspects _xChristianity. _@0000157136 |
|
| 908 | _a070725 | ||
| 950 | _@1 | ||
| 999 |
_c7100 _d7100 |
||